Zváracie materiály. STN 05 5320. EN 12536 : Tyčinky na plameňové zváranie nelegovaných a žiarupevných ocelí. Klasifikácia. November 2001

Salvato in:
Dettagli Bibliografici
Natura: Libro
Lingua:ceco
Pubblicazione: Bratislava : Slovenský ústav technickej normalizácie, 2001
Soggetti:
Tags: Aggiungi Tag
Nessun Tag, puoi essere il primo ad aggiungerne!!

MARC

LEADER 00000nam a22000003a 4500
001 stu83851
005 20150408161501.9
008 040209s2001----xo------------------cze-d
040 |a STU  |b slo 
041 0 |a cze 
044 |a xo 
080 |a 621.7 
245 |a Zváracie materiály. STN 05 5320. EN 12536 :  |b Tyčinky na plameňové zváranie nelegovaných a žiarupevných ocelí. Klasifikácia. November 2001 
260 |a Bratislava :  |b Slovenský ústav technickej normalizácie,  |c 2001 
300 |a 12 s 
650 7 |a zváranie  |2 stusub 
650 7 |a zváracie materiály  |2 stusub 
996 |b 284M058544  |c M*N-1003-1  |l MMKN  |s A  |a 24  |w stu83851_0001